LDR 00786nam a2200205 i 4500 001 000000367203 003 CaOOAMICUS 005 20260413151136.0 008 260413s1921 it u000 u ita u 040 $aSeMil$bita 100 1 $aVelluti-Zati, Donato.$0(OLS)http://semarc/name/68606 245 10$aS. Girolamo :$bdottore massimo /$cDonato Velluti-Zati. 260 $aPrato :$bNutini,$c1921. 300 $a39 p. ;$c23 cm 600 04$aGirolamo
.$0(OLS)http://semarc/subject/9511 850 $aSeMil 852 $aSeMil$W1$xVenegono$y1$m5C VIII 10/28$j270120$B257926$CSeMilBibl$Z2$F257926 $8M 996 $6245$aS. Girolamo :$bdottore massimo$9(OLS)http://semarc/title/459091 996 $6260$aPrato :$bNutini$9(OLS)http://semarc/publisher/49954